000 00822cam a2200229 a 4500
020 _a0895990164 :
020 _a0521268427 (Cambridge)
040 _cDLC
082 0 0 _a333 SMI 1984 A011 Or.
245 0 0 _aOur green and living world :
_bthe wisdom to save it /
250 _a1st ed.
260 _aWashington, D.C. :
_bSmithsonian Institution ;
_aCambridge [Cambridgeshire] ;
_aNew York, N.Y., U.S.A. :
_bCambridge University Press,
_c1984.
300 _a255 p. :
_bill. (some col.) ;
_c29 cm.
500 _aIncludes index.
650 0 _aNature conservation.
650 0 _aEcology.
650 0 _aConservation of natural resources.
700 1 _aAyensu, Edward S.
856 4 2 _uhttp://www.loc.gov/catdir/description/cam022/84600181.html
856 4 1 _uhttp://www.loc.gov/catdir/toc/cam029/84600181.html
942 _cEK
999 _c13438
_d13438